Laboratory manuals for civil engineering

Salvato in:
Dettagli Bibliografici
Autore principale: MOONDRA, H.S. Gupta, Rajiv
Natura: Libro
Lingua:inglese
Pubblicazione: CBS Publishers 2000
Tags: Aggiungi Tag
Nessun Tag, puoi essere il primo ad aggiungerne!!

MARC

LEADER 00000nam a22000007a 4500
008 230919b |||||||| |||| 00| 0 eng d
020 |a 812390150x 
100 |a MOONDRA, H.S.  |a Gupta, Rajiv 
245 |a Laboratory manuals for civil engineering  |c /H.S. Moondra, Rajiv Gupta  |g x, 266p;ill 
250 |b 2nd 
260 |b CBS Publishers  |c 2000  |h New Delhi  |i 700480  |i 700481  |l TA7.M77  |m Materials -Testing - Laboratory manuals 
500 |a it includes references 
942 |a lcc  |c BK  |e Johnson  |f 19/09/23 
952 |0 0  |1 0  |2 lcc  |4 0  |6 TA0007 M77  |7 0  |9 4477  |a TL  |b HOL  |c QZ  |d 2023-09-19  |l 0  |o TA7.M77  |p 2023-0398  |r 2023-09-19 00:00:00  |t 700480  |w 2023-09-19  |y BK 
952 |0 0  |1 0  |2 lcc  |4 0  |6 TA0007 M77  |7 0  |9 4478  |a HOL  |b HOL  |c QZ  |d 2023-09-19  |l 0  |o TA7.M77  |p 2023-0399  |r 2023-09-19 00:00:00  |t 700481  |w 2023-09-19  |y BK 
999 |c 2244  |d 2244